000 01035cam a2200313 a 4500
001 3773
005 20240506160505.0
020 _a0590582895
040 _aDLC
_cDLC
_dDLC
_beng
050 0 0 _aPZ7.R5628
_b1994
082 0 0 _a808.899
100 1 _aRobinson, Barbara
_d1927-2013.
245 1 4 _aThe best school year ever /
_cBarbara Robinson.
250 _aFirst Scholastic printing , September 1996
260 _aNew York :
_bScholastic ,
_c1994
300 _a117 pages :
_c21 cm .
_billustrations ;
490 _a The Herdmans
500 _aSecond word of title appears on t.p. with X through it.
505 _aZ
520 _aThe six horrible Herdmans, the worst children in the history of the world, cause mayhem throughout the school year.
521 _a1020
_bLexile
521 _aZ
_bRaz-Plus
650 1 _aSchools
_vFiction.
650 1 _aSiblings
_vFiction.
650 1 _aBehavior
_vFiction.
650 1 _aHumorous stories.
906 _a7
_bcbc
_corignew
_d1
_eocip
_f19
_gy-gencatlg
942 _2ddc
_cBK
_n0
999 _c3773
_d3773